000 00566nam a22001817a 4500
005 20251108164307.0
008 250721s9999 xx 000 0 ara d
082 1 4 _a811.6/إسم
100 1 _aاليوسف، إسماعيل
245 1 0 _aأبو الطيب المتنبي :
_bحياته - شعره /
264 1 _aدمشق :
_bدار الكتاب العربي،
_c[19-].
300 _a285ص
490 0 _aسلسلة الشعراء العرب ؛3
650 1 7 _aالشعر العربي
650 1 7 _aالعصر العباسي
942 _2ddc
_cBK
999 _c8565
_d8565